| 000 | 00829aam a2200289 4500 | ||
|---|---|---|---|
| 005 | 20220126130647.0 | ||
| 008 | 150722b xxu||||| |||| 00| 0 spa d | ||
| 041 | _aEspañol | ||
| 082 | _a657.45 F786t3 | ||
| 100 |
_aFowler Newton, Enrique _918054 |
||
| 245 | _aTratado de auditoría | ||
| 250 | _a3 edición | ||
| 260 |
_aArgentina _bLa Ley _c2004 |
||
| 300 | _a483-1028 páginas | ||
| 505 | _aTomo II Contiene disco compacto N° 371 | ||
| 650 |
_aAUDITORÍA _92653 |
||
| 650 |
_aESTADOS CONTABLES _97823 |
||
| 650 |
_aNORMAS DE AUDITORÍA _96146 |
||
| 650 |
_aINDEPENDENCIA _92497 |
||
| 650 |
_aÉTICA _9489 |
||
| 650 |
_aCONTROL DE CALIDAD _9946 |
||
| 650 |
_aAUDITOR _95145 |
||
| 650 |
_aPROCEDIMIENTOS DE AUDITORÍA _962271 |
||
| 650 |
_aMUESTREO _9771 |
||
| 650 |
_aMOVIMIENTOS CONTABLES _918056 |
||
| 942 | _cBK | ||
| 999 |
_c2101 _d2101 |
||